| 000 | 01042nas a2200349 4500 | ||
|---|---|---|---|
| 001 | BR2010000429 | ||
| 003 | BR-BrBNA | ||
| 005 | 20231205113838.0 | ||
| 007 | ta | ||
| 008 | 230509b bl.|||p| |||| 00| 00por d | ||
| 040 |
_aBR-BrBNA _bpor _cBiblioteca Nacional de Agricultura |
||
| 041 | _a(Pt) | ||
| 072 | _aF01 | ||
| 100 | 1 | _aMaixner, A.R. | |
| 100 | 1 | _aQuadros, F.L.F. | |
| 100 | 1 | _aMontardo, D.P. | |
| 100 | 1 | _aKozloski, G.V. | |
| 100 | 1 | _aNoronha, A. | |
| 100 | 1 | _aAurélio, N.D. | |
| 100 | 1 | _aRossi, G.E. | |
| 100 | 1 | _aDaniel, E. | |
| 100 | 1 | _aBrum, M.S. | |
| 100 | 1 | _aBandinelli, D.G. | |
| 245 | 1 | _aDesempenho animal e produtividade de pastagens tropicais no noroeste do Rio Grande do Sul | |
| 650 | _aPASTAGEM | ||
| 650 | _aCAPIM ELEFANTE | ||
| 650 | _aGRAMA BERMUDA | ||
| 650 | _aPERFORMANCE | ||
| 773 | 0 |
_tArquivo Brasileiro de Medicina Veterinária e Zootecnia (Brazil) _xISSN 0102-0935 _g(Aug 2009), v. 61(4) p. 927-934 _wBR2010000429 |
|
| 909 |
_a202311 _bLúcia _c55 _dLúcia Elande |
||
| 942 |
_2AGRIS _n0 _cANA |
||
| 999 |
_c205921 _d205921 |
||